<?xml version="1.0" encoding="UTF-8"?>
<record
    xmlns:xsi="http://www.w3.org/2001/XMLSchema-instance"
    xsi:schemaLocation="http://www.loc.gov/MARC21/slim http://www.loc.gov/standards/marcxml/schema/MARC21slim.xsd"
    xmlns="http://www.loc.gov/MARC21/slim">

  <leader>00922nam a2200157Ia 4500</leader>
  <controlfield tag="008">240126s9999    xx            000 0 und d</controlfield>
  <datafield tag="041" ind1=" " ind2=" ">
    <subfield code="a">English</subfield>
  </datafield>
  <datafield tag="082" ind1=" " ind2=" ">
    <subfield code="a">PRMB03-999</subfield>
  </datafield>
  <datafield tag="100" ind1=" " ind2=" ">
    <subfield code="a">Shilpa Shantharam</subfield>
  </datafield>
  <datafield tag="245" ind1=" " ind2="2">
    <subfield code="a">A study of economic value added (EVA) at MTR foods limited, Bangalore</subfield>
    <subfield code="b">Ashok Anand Ganesh Shenoy</subfield>
  </datafield>
  <datafield tag="260" ind1=" " ind2=" ">
    <subfield code="b">PESIT</subfield>
  </datafield>
  <datafield tag="440" ind1=" " ind2=" ">
    <subfield code="a">NULL</subfield>
  </datafield>
  <datafield tag="520" ind1=" " ind2=" ">
    <subfield code="a">In this paper, some properties of an edge regular intuitionistic fuzzy graph (IFG) are given and the relationship between degree of a vertex and degree of an edge in intuitionistic fuzzy graph is studied. The condition under which edge regular IFG and totally edge regular IFG are equivalent is provided. Also, we introduce a partially edge regular intuitionistic fuzzy graph and fully edge regular intuitionistic fuzzy graph with suitable illustrations.</subfield>
  </datafield>
  <datafield tag="650" ind1=" " ind2=" ">
    <subfield code="a">study,economic,value,added,(EVA),at,MTR,foods,limited,,Bangalore</subfield>
  </datafield>
  <datafield tag="942" ind1=" " ind2=" ">
    <subfield code="c">PR</subfield>
  </datafield>
  <datafield tag="999" ind1=" " ind2=" ">
    <subfield code="c">256555</subfield>
    <subfield code="d">256555</subfield>
  </datafield>
  <datafield tag="952" ind1=" " ind2=" ">
    <subfield code="r">2024-01-26 00:00:00</subfield>
    <subfield code="l">0</subfield>
    <subfield code="o">PRMB03-999</subfield>
    <subfield code="p">PR999</subfield>
    <subfield code="h">(25/06/1905)</subfield>
    <subfield code="w">2024-01-26</subfield>
    <subfield code="y">PR</subfield>
    <subfield code="1">0</subfield>
    <subfield code="4">0</subfield>
    <subfield code="7">0</subfield>
    <subfield code="8">CL</subfield>
    <subfield code="0">0</subfield>
    <subfield code="a">ML</subfield>
    <subfield code="b">ML</subfield>
    <subfield code="d">0000-00-00</subfield>
    <subfield code="E">MBA</subfield>
    <subfield code="L">15/03/2011</subfield>
    <subfield code="G">EURO</subfield>
    <subfield code="F">1</subfield>
    <subfield code="V">0</subfield>
    <subfield code="W">0</subfield>
  </datafield>
</record>
